| 000 | 00355nam a2200145Ia 4500 | ||
|---|---|---|---|
| 008 | 230917s9999||||xx |||||||||||||| ||und|| | ||
| 040 |
_e200194 _aMAIN |
||
| 041 | _aEnglish | ||
| 082 | _a843.09 L968M | ||
| 100 | _aLukacs, Georg | ||
| 245 | 0 | _aMeaning of contemporary realism | |
| 260 |
_aLondon _bMerlin Press _c1972 |
||
| 300 | _a137 p. | ||
| 942 | _cBK | ||
| 999 |
_c174919 _d174919 |
||